00515nam a2200121Ia 4500082001200000100002100012245016500033260006000198300001300258650004200271650003300313650004700346 aRK 0236 aKhan, Nizamuddin 0aRole of dairy farming in generation of rural livelihood and its effects on socio-economic transformation of marginal and small farmers in Aligarh District UPb: c0bIndian Council of Social Science Research, New Delhi avi, 150p aDairy farmingzUttar PradeshzAligarh aFarmersvEconomic conditions aSocial conditionszUttar PradeshzAligarh